000 00512nam a22001817a 4500
003 NUST - PNEC
005 20170116180752.0
008 150312b xxu||||| |||| 00| 0 eng d
020 _a9780804741651
040 _cLIBRARY
082 _a338.947 KLE
100 _91758
_aLawrence Klein
245 _aThe New Russia : Transition Gone Awry
_cLawrence Klein
260 _aRussia
_bCalifornia
_cC 2001
300 _a454 . :
650 _91759
_aThe New Russia : Transition Gone Awry
_xNew Russia
942 _2ddc
_cBK
999 _c62586
_d62586